MARC

LEADER 00000nam0a2200000 4500
001 96363
005 20231031110510.0
035 |a (RuTPU)RU\TPU\book\103162 
090 |a 96363 
100 |a 20060512d1959 m y0rusy50 ca 
101 1 |a rus  |c eng 
102 |a RU 
105 |a a z 001zy 
200 1 |a Прикладная теория упругости  |e пер. с англ.  |f Ван Цзи-Де  |g под ред. А. С. Вольмира 
210 |a Москва  |c Физматгиз  |d 1959 
215 |a 400 с.  |c ил. 
320 |a Предметный указатель: с. 398-400. 
610 1 |a физика 
610 1 |a упругость 
610 1 |a напряжения 
610 1 |a деформации 
610 1 |a метод релаксации 
610 1 |a метод конечных разностей 
610 1 |a изгиб 
610 1 |a сжатие 
610 1 |a критические нагрузки 
610 1 |a комплексные переменные 
610 1 |a теория 
675 |a 531  |v 3 
700 1 |a Ван Цзи-Де 
702 1 |a Вольмир  |b А. С.  |4 340 
801 1 |a RU  |b 63413507  |c 20060512  |g PSBO 
801 2 |a RU  |b 63413507  |c 20131025  |g PSBO 
942 |c BK